Объем и нормы испытаний электрооборудования: СО 34.45-51.300-97; РД 34.45-51.300-97

Detaylı Bibliyografya
Müşterek Yazar: Единая энергетическая система России (ОАО РАО "ЕЭС России")
Özet:В книге приведены периодичность, объем и нормы испытаний генераторов, электродвигателей, трансформаторов, выключателей и другого электрооборудования электрических станций и сетей. Шестое издание Норм содержит требования, уточненные с учетом опыта энергосистем, наладочных организаций, ремонтных заводов и научно-исследовательских институтов. В него включены современные методы диагностики электрооборудования, оно дополнено также нормами контроля элегазовой аппаратуры, вакуумных выключателей, ограничителей перенапряжений, кабелей с полиэтиленовой изоляцией, предохранителей-разъединителей. В настоящем издании учтены изменения и дополнения, утвержденные РАО «ЕЭС России», по состоянию на 01.10.2006. Нормы предназначены для инженерно-технического персонала, занимающегося наладкой, эксплуатацией и ремонтом электрооборудования электрических станций и сетей.
Dil:Rusça
Baskı/Yayın Bilgisi: Москва, Изд-во НЦ ЭНАС, 2007
Edisyon:6-е изд., с изм. и доп. по состоянию на 01.10.2006
Konular:
Materyal Türü: Kitap
KOHA link:https://koha.lib.tpu.ru/cgi-bin/koha/opac-detail.pl?biblionumber=147511

MARC

LEADER 00000nam0a2200000 4500
001 147511
005 20231031145056.0
010 |a 9785931968544 
029 1 0 |a RU  |b 34.45-51.300-97  |c СО 
029 1 0 |a RU  |b 34.45-51.300-97  |c РД 
035 |a (RuTPU)RU\TPU\book\159897 
035 |a RU\TPU\book\53758 
090 |a 147511 
100 |a 20081117d2007 k y0rusy50 ca 
101 0 |a rus 
102 |a RU 
105 |a y l 000zy 
200 1 |a Объем и нормы испытаний электрооборудования  |f Российское акционерное общество энергетики и электрификации "ЕЭС России"  |e СО 34.45-51.300-97; РД 34.45-51.300-97 
205 |a 6-е изд., с изм. и доп. по состоянию на 01.10.2006 
210 |a Москва  |c Изд-во НЦ ЭНАС  |d 2007 
215 |a 256 с. 
229 |a Утверждено: Департамент науки и техники РАО "ЕЭС России" 8 мая 1997 г. 
330 |a В книге приведены периодичность, объем и нормы испытаний генераторов, электродвигателей, трансформаторов, выключателей и другого электрооборудования электрических станций и сетей. Шестое издание Норм содержит требования, уточненные с учетом опыта энергосистем, наладочных организаций, ремонтных заводов и научно-исследовательских институтов. В него включены современные методы диагностики электрооборудования, оно дополнено также нормами контроля элегазовой аппаратуры, вакуумных выключателей, ограничителей перенапряжений, кабелей с полиэтиленовой изоляцией, предохранителей-разъединителей. В настоящем издании учтены изменения и дополнения, утвержденные РАО «ЕЭС России», по состоянию на 01.10.2006. Нормы предназначены для инженерно-технического персонала, занимающегося наладкой, эксплуатацией и ремонтом электрооборудования электрических станций и сетей. 
610 1 |a электрические станции 
610 1 |a электрические сети 
610 1 |a электрооборудование 
610 1 |a генераторы 
610 1 |a электродвигатели 
610 1 |a трансформаторы 
610 1 |a выключатели 
610 1 |a диагностика 
610 1 |a электрогазовая аппаратура 
610 1 |a перенапряжения 
610 1 |a ограничители 
610 1 |a предохранители 
610 1 |a разъединители 
610 1 |a нормы 
675 |a 621.311.002.5  |v 3 
712 0 2 |a Единая энергетическая система России (ОАО РАО "ЕЭС России")  |c Российское открытое акционерное общество энергетики и электрификации  |c (Москва)  |2 stltpush  |3 (RuTPU)RU\TPU\col\26 
801 1 |a RU  |b 63413507  |c 20030429  |g PSBO 
801 2 |a RU  |b 63413507  |c 20081120  |g PSBO 
942 |c BK